A Superlative for Every U.S. State - Statistics

General Stats
  • This quiz has been taken 28,157 times
  • The average score is 19 of 50
Answer Stats
Category State % Correct
AK Largest surface area Alaska
98%
CA Most populous California
98%
RI Smallest surface area Rhode Island
96%
FL Southernmost - contiguous U.S. Florida
92%
ME Easternmost - contiguous U.S. Maine
92%
NM Highest % Hispanics New Mexico
85%
WY Least populous Wyoming
80%
NY Most international tourists New York
73%
MN Northernmost - contiguous U.S. Minnesota
71%
GA Busiest airport Georgia
63%
PA Most Amish people Pennsylvania
62%
MS Highest % African-American Mississippi
61%
CO Highest average elevation Colorado
57%
NJ Most densely populated New Jersey
49%
WA Most Starbucks per capita Washington
45%
AZ Most populous capital Arizona
41%
TX Most tornadoes Texas
40%
TN Most "horizontal" shape Tennessee
39%
HI Hottest average temperature Hawaii
38%
NE Highest % of farmland Nebraska
37%
IN Most populous city starting with I Indiana
34%
IA Highest maize production Iowa
33%
VA Most populous in 1800 Virginia
33%
WI Highest % German ancestry Wisconsin
33%
VT Least populous capital Vermont
32%
IL Most populous city starting with C Illinois
31%
AR First Walmart Arkansas
29%
SC First to secede from the Union South Carolina
29%
AL Most religious Alabama
27%
OR Highest timber product production Oregon
25%
KY Longest single cave system Kentucky
24%
MI Most lighthouses Michigan
24%
MA Highest HDI Massachusetts
23%
MO Most populous city named "Springfield" Missouri
23%
NC Highest tobacco production North Carolina
23%
CT Highest % Italian ancestry Connecticut
22%
DE Lowest average elevation Delaware
22%
LA Highest murder rate Louisiana
22%
KS Highest wheat production (2019) Kansas
18%
MT Longest portion of Interstate 90 Montana
13%
NV Highest divorce rate Nevada
13%
WV Lowest % with 4-year college degree West Virginia
13%
MD Highest median household income Maryland
12%
NH Highest recorded wind speed New Hampshire
11%
OH Most populous city starting with X Ohio
11%
SD Most cows per capita South Dakota
11%
UT Youngest median age Utah
10%
ID Longest total border shared with other states Idaho
9%
ND Most road miles per capita North Dakota
7%
OK Most prisoners per capita Oklahoma
6%
No matching quizzes found
Score Distribution
Percent of People with Each Score
Percentile by Number Answered
Your Score History
You have not taken this quiz